| 000 | 00588nam a22001697a 4500 | ||
|---|---|---|---|
| 003 | NUST | ||
| 038 | _aNusrat Nadeem | ||
| 082 | _a200 | ||
| 100 |
_aAftab, Kanwal _9120173 |
||
| 245 |
_aEnhancing aquaculture sustainability through automated biomass estimation, disease detection, and behavior analysis/ _cKanwal Aftab |
||
| 264 |
_aIslamabad, _bSEECS NUST, _c2023. |
||
| 300 |
_aill: _b104,p: _c30,cm. |
||
| 650 |
_aMS-Data Science _9123017 |
||
| 700 |
_aSupervisor: Dr. Muhammad Moazam Fraz _996751 |
||
| 856 | _u http://10.250.8.41:8080/xmlui/handle/123456789/40665 | ||
| 942 |
_2ddc _cSC |
||
| 999 |
_c607589 _d607589 |
||